000 00348nam a2200145Ia 4500
008 150201s2005 xx 000 0 und d
082 _a610
_bS2005S
100 _aSWAMI RAM
245 _aSCIENCE OF BREATH
250 _aNEW EDITION
260 _bFUSION BOOKS
_aNEW DELHI
_c2005
300 _a1-120
650 _aGENERAL DENTISTRY
942 _2ddc
_cBK
999 _c3628
_d3628